000 00818nam a2200241 i 4500
003 IT-RoINE
005 20190108094947.0
008 970902s1997 it |||||r |||||||ita|d
020 _a8886517335
040 _cIT-RoINE
_dIT-RoINE
100 1 _aMartini, Carlo Maria,
_915639
_cCardenal,
_d1927-2012
245 1 0 _aAvvolti nel mistero della trasfigurazione :
_bun itinerario verso il Giubileo /
_cCarlo Maria Martini, Bruno Forte.
260 _aRoma :
_bLipa,
_c[1997]
300 _a93 p. ;
_c20 cm.
336 _2rdacontent
_atext
337 _2rdamedia
_aunmediated
338 _2rdacarrier
_avolume
490 1 _aBetel ;
_v3
600 0 4 _aJesucristo
_xTransfiguración
_xMeditaciones
_955799
700 1 _aForte, Bruno,
_cArzobispo de Chieti-Vasto,
_d1949-
_921344
830 0 _aBetel (Lipa) ;
_v3
_952544
942 _cMTS
999 _c28294
_d28294